| 000 | 00334nam a22001457a 4500 | ||
|---|---|---|---|
| 003 | SGT | ||
| 020 | _a9788119415281 | ||
| 082 |
_a344 _bKHA |
||
| 100 | _aKHAN NUZHAT PARVEEN | ||
| 245 | _aLAW RELATING TO SOCIO ECONOMIC OFFENCES | ||
| 250 | _a2 | ||
| 260 |
_aPRAYAGRAJ _bCENTRAL LAW AGENCY _c2025 |
||
| 300 | _a737 | ||
| 942 |
_2ddc _cBK |
||
| 999 |
_c34352 _d34352 |
||